[Event "DLM 2008"]
[Site "Dresden GER"]
[Date "2008.11.16"]
[Round "4"]
[White "Hirneise, Jens"]
[Black "Savchenko, Aleksij"]
[Result "0-1"]
[Termination "normal"]
[Board "1.1"]
[WhiteElo "2305"]
[BlackElo "2238"]
[WhiteTeam "Württemberg 1"]
[BlackTeam "Nordrhein-Westfalen"]
[PlyCount "72"]
[WhiteFideId "24614734"]
[BlackFideId "24611727"]
[EventCountry "GER"]
[EventRounds "7"]
[EventType "team-swiss"]
[EventDate "2008.11.13"]

1. e4 c5 2. Nc3 d6 3. Nf3 Nf6 4. d4 cxd4 5. Nxd4 a6 6. Be3 e6 7. Be2 Qc7 8. a3
Nbd7 9. g4 Nc5 10. f3 b5 11. g5 Nfd7 12. Qd2 Nb6 13. O-O-O Bd7 14. Nb3 Be7 15.
Nxc5 dxc5 16. Bf4 Qc6 17. Bd6 b4 18. Nb1 a5 19. Bxe7 Kxe7 20. e5 Rhd8 21. Qf4
Nd5 22. Qe4 g6 23. h4 Qb6 24. Rd2 Bc6 25. Bc4 bxa3 26. Nxa3 Rab8 27. b3 Qb4 28.
Nb1 a4 29. c3 Nxc3 30. Qxc6 Rxd2 31. Nxd2 Rd8 32. Ne4 Nxe4 33. fxe4 axb3 34.
Kb1 Qxc4 35. Rc1 Qd3+ 36. Ka1 b2+ 0-1

[Event "DLM 2008"]
[Site "Dresden GER"]
[Date "2008.11.16"]
[Round "4"]
[White "Kotainy, Jens"]
[Black "Strunski, Andreas"]
[Result "0-1"]
[Termination "normal"]
[Board "1.2"]
[WhiteElo "2210"]
[BlackElo "2275"]
[WhiteTeam "Nordrhein-Westfalen"]
[BlackTeam "Württemberg 1"]
[PlyCount "84"]
[WhiteFideId "24670499"]
[BlackFideId "24606073"]
[EventCountry "GER"]
[EventRounds "7"]
[EventType "team-swiss"]
[EventDate "2008.11.13"]

1. e4 c5 2. c3 d5 3. exd5 Qxd5 4. d4 g6 5. Nf3 Bg7 6. Nbd2 cxd4 7. Bc4 Qd8 8.
cxd4 Nh6 9. O-O O-O 10. Nb3 Nf5 11. Re1 Nd7 12. Qe2 Nb6 13. Bd3 Nd5 14. Bd2 b6
15. Rac1 a5 16. a4 Bd7 17. Bb5 Qe8 18. Qc4 Bxb5 19. axb5 e6 20. Qa4 Qe7 21. Ne5
Qh4 22. Nf3 Qe7 23. Ne5 Rac8 24. Rc6 Qb7 25. Rec1 Nde7 26. Rxc8 Rxc8 27. Nc6
Nd5 28. Na1 Nd6 29. b4 axb4 30. Nxb4 Rxc1+ 31. Bxc1 Nxb4 32. Qxb4 Qd5 33. Nc2
Nxb5 34. Qe7 Qb3 35. Qe8+ Bf8 36. Ne1 Qb1 37. Bd2 Nxd4 38. f3 Nb3 39. Bb4 Nc5
40. Bd2 Qd1 41. Bc3 Qc1 42. Bb4 Qc4 0-1

[Event "DLM 2008"]
[Site "Dresden GER"]
[Date "2008.11.16"]
[Round "4"]
[White "Pogan, Nikolas"]
[Black "Tkachuk, Konstantyn"]
[Result "1/2-1/2"]
[Termination "normal"]
[Board "1.3"]
[WhiteElo "2083"]
[BlackElo "2180"]
[WhiteTeam "Württemberg 1"]
[BlackTeam "Nordrhein-Westfalen"]
[PlyCount "107"]
[WhiteFideId "24673579"]
[BlackFideId "24647330"]
[EventCountry "GER"]
[EventRounds "7"]
[EventType "team-swiss"]
[EventDate "2008.11.13"]

1. c4 g6 2. g3 Bg7 3. Bg2 d6 4. Nc3 e5 5. d3 f5 6. Nf3 Nf6 7. O-O O-O 8. e3 c6
9. Rb1 Nbd7 10. Ng5 Qe7 11. f4 h6 12. Nh3 Re8 13. Qc2 Nf8 14. Bd2 Be6 15. b4 e4
16. Rfe1 exd3 17. Qxd3 Qf7 18. c5 dxc5 19. bxc5 Rad8 20. Qc2 Nd5 21. Ne2 Bc8
22. Nc3 Bxc3 23. Bxc3 Nxe3 24. Qf2 Nxg2 25. Kxg2 Be6 26. Ba1 Bd5+ 27. Kg1 Rxe1+
28. Rxe1 Re8 29. Re5 Nd7 30. Re3 Rxe3 31. Qxe3 Qe6 32. Qc3 Nf6 33. Nf2 Kf7 34.
a3 b6 35. cxb6 axb6 36. h3 Nh5 37. Bb2 Qe2 38. a4 Bc4 39. Kg2 Qf1+ 40. Kf3 Qe2+
41. Kg2 Qf1+ 42. Kf3 Bd5+ 43. Ke3 Qg2 44. Nd3 Qxg3+ 45. Kd2 Qg2+ 46. Kc1 Qf1+
47. Kd2 Qg2+ 48. Ke1 Qe4+ 49. Kd2 g5 50. fxg5 hxg5 51. Qh8 Nf4 52. Ne5+ Ke7 53.
Qg7+ Ke8 54. Qh8+ 1/2-1/2

[Event "DLM 2008"]
[Site "Dresden GER"]
[Date "2008.11.16"]
[Round "4"]
[White "Krug, Kevin"]
[Black "Erben, Larissa"]
[Result "1-0"]
[Termination "normal"]
[Board "1.4"]
[WhiteElo "2204"]
[BlackElo "1991"]
[WhiteTeam "Nordrhein-Westfalen"]
[BlackTeam "Württemberg 1"]
[PlyCount "91"]
[WhiteFideId "24609110"]
[BlackFideId "24634590"]
[EventCountry "GER"]
[EventRounds "7"]
[EventType "team-swiss"]
[EventDate "2008.11.13"]

1. d4 d5 2. c4 e6 3. Nc3 c6 4. e3 Nf6 5. Nf3 Nbd7 6. Bd3 dxc4 7. Bxc4 b5 8. Be2
Bb7 9. O-O a6 10. e4 c5 11. e5 Nd5 12. a4 b4 13. Ne4 Qc7 14. Bg5 h6 15. Bh4 Nf4
16. Bg3 Nh5 17. Nd6+ Bxd6 18. exd6 Qc6 19. dxc5 Nxg3 20. hxg3 Nxc5 21. Rc1 Rc8
22. Rxc5 Qxc5 23. d7+ Ke7 24. dxc8=R Rxc8 25. b3 Rd8 26. Qc1 Qf5 27. Rd1 Rxd1+
28. Bxd1 Qd5 29. Qd2 Qxd2 30. Nxd2 Kd6 31. Bf3 Bd5 32. Kf1 Ke5 33. Ke2 Kd4 34.
Bxd5 exd5 35. Nb1 f5 36. Kd2 g5 37. Kc2 g4 38. Nd2 h5 39. Nf1 Ke4 40. Ne3 f4
41. gxf4 g3 42. f5 gxf2 43. Kd2 f1=Q 44. Nxf1 Kxf5 45. Ng3+ Kg4 46. Nxh5 1-0

[Event "DLM 2008"]
[Site "Dresden GER"]
[Date "2008.11.16"]
[Round "4"]
[White "Xu, Xianliang"]
[Black "Blübaum, Johanna"]
[Result "1-0"]
[Termination "normal"]
[Board "1.5"]
[WhiteElo "1890"]
[BlackElo "1902"]
[WhiteTeam "Württemberg 1"]
[BlackTeam "Nordrhein-Westfalen"]
[PlyCount "61"]
[WhiteFideId "4603230"]
[BlackFideId "24647373"]
[EventCountry "GER"]
[EventRounds "7"]
[EventType "team-swiss"]
[EventDate "2008.11.13"]

1. e4 e6 2. Nf3 d5 3. e5 c5 4. b4 cxb4 5. a3 Nc6 6. axb4 Bxb4 7. c3 Ba5 8. d4
Nge7 9. Bd3 Bd7 10. O-O Ng6 11. Ba3 Nce7 12. h4 h5 13. g3 Rc8 14. Ng5 f6 15.
exf6 gxf6 16. Qc2 Rg8 17. Nh7 Kf7 18. Bxe7 Nxe7 19. Qd1 Be8 20. Qxh5+ Ng6 21.
Qh6 Ke7 22. h5 Bxc3 23. Nxc3 Rxc3 24. Bxg6 Qb8 25. Kh2 b5 26. Bxe8 Rcxg3 27.
Qxf6+ Kxe8 28. Qxe6+ Kd8 29. Qf6+ Kc8 30. Qc6+ Kd8 31. Qxd5+ 1-0

[Event "DLM 2008"]
[Site "Dresden GER"]
[Date "2008.11.16"]
[Round "4"]
[White "Blübaum, Matthias"]
[Black "Stitterich, Nadine"]
[Result "1/2-1/2"]
[Termination "normal"]
[Board "1.6"]
[WhiteElo "2019"]
[BlackElo "1888"]
[WhiteTeam "Nordrhein-Westfalen"]
[BlackTeam "Württemberg 1"]
[PlyCount "42"]
[WhiteFideId "24651516"]
[BlackFideId "24676527"]
[EventCountry "GER"]
[EventRounds "7"]
[EventType "team-swiss"]
[EventDate "2008.11.13"]

1. d4 Nf6 2. c4 g6 3. Nc3 Bg7 4. e4 d6 5. Nf3 O-O 6. Be2 e5 7. Be3 Ng4 8. Bg5
f6 9. Bc1 exd4 10. Nxd4 f5 11. Bxg4 fxg4 12. Be3 Nc6 13. Nxc6 bxc6 14. Bd4 Bh6
15. O-O Be6 16. c5 Qd7 17. cxd6 Qxd6 18. e5 c5 19. Be3 Bxe3 20. fxe3 Rxf1+ 21.
Qxf1 Qxe5 1/2-1/2

[Event "DLM 2008"]
[Site "Dresden GER"]
[Date "2008.11.16"]
[Round "4"]
[White "von Schwerin, Clemens"]
[Black "Strößner, Lena"]
[Result "1/2-1/2"]
[Termination "normal"]
[Board "1.7"]
[WhiteElo "1906"]
[BlackElo "1991"]
[WhiteTeam "Württemberg 1"]
[BlackTeam "Nordrhein-Westfalen"]
[PlyCount "121"]
[WhiteFideId "4613228"]
[BlackFideId "4623525"]
[EventCountry "GER"]
[EventRounds "7"]
[EventType "team-swiss"]
[EventDate "2008.11.13"]

1. e4 e6 2. d4 d5 3. Nd2 Nf6 4. e5 Nfd7 5. Bd3 c5 6. c3 Nc6 7. Ne2 cxd4 8. cxd4
f6 9. exf6 Nxf6 10. O-O Bd6 11. Nf3 Qc7 12. Bg5 O-O 13. Bh4 Nh5 14. Bg3 Nxg3
15. hxg3 g6 16. Rc1 Qg7 17. Bb1 Bd7 18. Rc3 Be7 19. Qb3 Bf6 20. Qxb7 Rab8 21.
Qc7 Rxb2 22. Rc2 Rfb8 23. Rxb2 Rxb2 24. Nf4 Qf7 25. Nd3 Rb6 26. Nde5 Bxe5 27.
Nxe5 Nxe5 28. Qxe5 Bb5 29. Rc1 Bc4 30. Bc2 Rb2 31. Rb1 Rxb1+ 32. Bxb1 Qe7 33.
f4 Ba6 34. f5 gxf5 35. Bxf5 Bc8 36. Bd3 Qa3 37. Qg5+ Kf7 38. Bxh7 Ke8 39. Qg8+
Kd7 40. Qf7+ Kc6 41. Qf4 Qxa2 42. Qc1+ Qc4 43. Qd2 Ba6 44. g4 Qf1+ 45. Kh2 Qf7
46. Bc2 Qg7 47. g5 Bc4 48. g6 Kb5 49. Qg5 a5 50. Qh4 a4 51. Qh7 Qxd4 52. g7
Qe5+ 53. Kh3 Qe3+ 54. g3 Bf1+ 55. Kh4 Qd4+ 56. g4 Qf2+ 57. Kg5 Qe3+ 58. Kh5
Qh3+ 59. Kg5 Qe3+ 60. Kh5 Qh3+ 61. Kg5 1/2-1/2

[Event "DLM 2008"]
[Site "Dresden GER"]
[Date "2008.11.16"]
[Round "4"]
[White "Kuckling, Hannah"]
[Black "Weber, Sandra"]
[Result "1/2-1/2"]
[Termination "normal"]
[Board "1.8"]
[WhiteElo "1489"]
[BlackElo "1243"]
[WhiteTeam "Nordrhein-Westfalen"]
[BlackTeam "Württemberg 1"]
[PlyCount "92"]
[WhiteFideId "24603660"]
[BlackFideId "1270049"]
[EventCountry "GER"]
[EventRounds "7"]
[EventType "team-swiss"]
[EventDate "2008.11.13"]

1. e4 e5 2. Nf3 Nf6 3. Nxe5 d6 4. Nf3 Nxe4 5. Bc4 Be7 6. O-O O-O 7. d3 Nf6 8.
Nc3 Nbd7 9. Bg5 Nc5 10. Re1 Ne6 11. Bh4 Re8 12. Qd2 d5 13. Bb3 c6 14. d4 Qc7
15. Bg3 Qb6 16. Re2 Nh5 17. Rae1 Nxg3 18. hxg3 Bf6 19. Na4 Qc7 20. Nc5 Bd7 21.
Nxe6 Bxe6 22. Ng5 Bd7 23. Rxe8+ Rxe8 24. Rxe8+ Bxe8 25. c3 Qe7 26. Nf3 Bd7 27.
Bc2 g6 28. Bd3 Kg7 29. Qf4 Qd8 30. Ne5 Bxe5 31. Qxe5+ Kg8 32. c4 Be6 33. c5 b6
34. b4 b5 35. Bc2 a5 36. a3 a4 37. f4 Qd7 38. Kf2 Bf5 39. Bxf5 Qxf5 40. Qxf5
gxf5 41. Kf3 h5 42. Kf2 Kg7 43. Kg1 Kg6 44. Kh2 Kh6 45. Kh3 Kg6 46. Kh4 Kh6
1/2-1/2

[Event "DLM 2008"]
[Site "Dresden GER"]
[Date "2008.11.16"]
[Round "4"]
[White "Geske, Julian"]
[Black "Figura, Atila Gajo"]
[Result "1/2-1/2"]
[Termination "normal"]
[Board "2.1"]
[WhiteElo "2229"]
[BlackElo "2412"]
[WhiteTeam "Hessen 1"]
[BlackTeam "Berlin"]
[PlyCount "78"]
[WhiteFideId "24605263"]
[BlackFideId "4688058"]
[EventCountry "GER"]
[EventRounds "7"]
[EventType "team-swiss"]
[EventDate "2008.11.13"]

1. e4 e6 2. d4 d5 3. Nd2 c5 4. Ngf3 cxd4 5. exd5 Qxd5 6. Bc4 Qd6 7. O-O Nc6 8.
Nb3 a6 9. Nbxd4 Nxd4 10. Nxd4 Qc7 11. b3 Bd6 12. h3 Ne7 13. Bb2 O-O 14. Re1 Ng6
15. Qh5 Qc5 16. Qe2 e5 17. Nf3 b5 18. Bd3 Nf4 19. Qe4 Nxd3 20. cxd3 Qa7 21.
Bxe5 Bb7 22. Qg4 Bxe5 23. Nxe5 Rad8 24. Rad1 Rd4 25. Qf5 Qc5 26. Ng6 Qxf5 27.
Ne7+ Kh8 28. Nxf5 Rd7 29. Re3 g6 30. Ng3 Rfd8 31. f4 Kg7 32. Kf2 h5 33. h4 Kf6
34. Ne2 b4 35. g3 Bc6 36. Ng1 Bb5 37. Ke2 Kf5 38. Re5+ Kf6 39. Re3 Kf5 1/2-1/2

[Event "DLM 2008"]
[Site "Dresden GER"]
[Date "2008.11.16"]
[Round "4"]
[White "Glantz, Robert"]
[Black "Sergin, Mark"]
[Result "1-0"]
[Termination "normal"]
[Board "2.2"]
[WhiteElo "2197"]
[BlackElo "2202"]
[WhiteTeam "Berlin"]
[BlackTeam "Hessen 1"]
[PlyCount "135"]
[WhiteFideId "24629596"]
[BlackFideId "24615307"]
[EventCountry "GER"]
[EventRounds "7"]
[EventType "team-swiss"]
[EventDate "2008.11.13"]

1. e4 c5 2. Nf3 e6 3. Nc3 Nc6 4. d4 cxd4 5. Nxd4 Qc7 6. Be3 a6 7. Bd3 Nf6 8.
O-O Ne5 9. Nf3 Nfg4 10. Nxe5 Nxe3 11. Qh5 g6 12. Qf3 Qxe5 13. fxe3 f6 14. Qxf6
Qxf6 15. Rxf6 Bg7 16. Rf3 b5 17. Raf1 Bb7 18. Rf7 Be5 19. Nd1 Bc6 20. c3 a5 21.
a3 Rb8 22. R7f2 h5 23. Rd2 g5 24. Nf2 g4 25. Bb1 Rf8 26. Rdd1 Bc7 27. e5 Bxe5
28. Bg6+ Ke7 29. Nd3 Bd6 30. Bxh5 Rh8 31. Rf7+ Kd8 32. Nf2 Kc7 33. Bxg4 Bxh2+
34. Kf1 Rhg8 35. Bxe6 Rxg2 36. Bxd7 Rg1+ 37. Ke2 Rxd1 38. Bxc6+ Kxc6 39. Kxd1
Rg8 40. Rf5 Rg1+ 41. Ke2 Rb1 42. Nd3 Bd6 43. e4 Rh1 44. Ke3 Rh2 45. Kd4 Rd2 46.
Ke3 Rh2 47. Rf6 Kd7 48. e5 Bc7 49. Kd4 Rd2 50. Ke4 Re2+ 51. Kd5 Rd2 52. Rf7+
Kd8 53. Ke6 Kc8 54. Rd7 Rh2 55. Rd5 Rd2 56. Kf5 Bd8 57. e6 Rh2 58. Rc5+ Kb7 59.
Ke5 Kb6 60. Kd6 Re2 61. Rc6+ Ka7 62. Kd7 Bh4 63. Rc5 Kb6 64. Re5 Rd2 65. Rd5
Re2 66. Rd6+ Ka7 67. Kc6 Bg3 68. Rd7+ 1-0

[Event "DLM 2008"]
[Site "Dresden GER"]
[Date "2008.11.16"]
[Round "4"]
[White "Rafiee, Makan"]
[Black "Kachibadze, Georg"]
[Result "0-1"]
[Termination "normal"]
[Board "2.3"]
[WhiteElo "2155"]
[BlackElo "2158"]
[WhiteTeam "Hessen 1"]
[BlackTeam "Berlin"]
[PlyCount "98"]
[WhiteFideId "24609340"]
[BlackFideId "24640794"]
[EventCountry "GER"]
[EventRounds "7"]
[EventType "team-swiss"]
[EventDate "2008.11.13"]

1. e4 c5 2. Nf3 Nc6 3. d4 cxd4 4. Nxd4 Nf6 5. Nc3 g6 6. Nxc6 bxc6 7. e5 Ng8 8.
Bc4 Bg7 9. Qf3 f5 10. Bf4 e6 11. O-O-O Qc7 12. h4 Nh6 13. Qg3 Nf7 14. Rhe1 Rb8
15. h5 Rb4 16. b3 g5 17. Bxg5 Nxg5 18. Qxg5 Bxe5 19. Ne2 Rxc4 20. bxc4 Qb6 21.
Qe3 Qxe3+ 22. fxe3 Ba6 23. c5 Rg8 24. Nf4 Bc4 25. a4 Bc3 26. Rg1 e5 27. Nd3 Rg3
28. Nb2 Be2 29. Rd6 Bb4 30. Nd3 Bxd3 31. Rxd3 Bxc5 32. Rf1 Rg5 33. Rc3 Bb6 34.
h6 Ke7 35. Ra3 Ke6 36. a5 Bc5 37. Rb3 Rxg2 38. Rd1 Rh2 39. Rb7 Bxe3+ 40. Kb1 d5
41. Rd3 f4 42. Rxh7 e4 43. Rd1 f3 44. Kb2 Rxh6 45. Rxh6+ Bxh6 46. Kc3 Be3 47.
a6 Ke5 48. Kb4 f2 49. c4 Bd2+ 0-1

[Event "DLM 2008"]
[Site "Dresden GER"]
[Date "2008.11.16"]
[Round "4"]
[White "Kropman, Alexei"]
[Black "Göbel, Constantin"]
[Result "0-1"]
[Termination "normal"]
[Board "2.4"]
[WhiteElo "1960"]
[BlackElo "1871"]
[WhiteTeam "Berlin"]
[BlackTeam "Hessen 1"]
[PlyCount "60"]
[WhiteFideId "24670723"]
[BlackFideId "24647071"]
[EventCountry "GER"]
[EventRounds "7"]
[EventType "team-swiss"]
[EventDate "2008.11.13"]

1. c4 e6 2. d4 d5 3. Nc3 Nf6 4. Nf3 Nbd7 5. cxd5 exd5 6. Bg5 Be7 7. e3 c6 8.
Bd3 O-O 9. Qc2 Re8 10. g4 Ne4 11. Bxe4 dxe4 12. Bxe7 Qxe7 13. Nd2 c5 14. d5 Ne5
15. Ncxe4 Bxg4 16. Ng3 Rad8 17. h3 Nf3+ 18. Nxf3 Bxf3 19. Rg1 Qg5 20. Qc3 Qxd5
21. Ne2 Qe5 22. Qxe5 Rxe5 23. Rg3 Bxe2 24. Kxe2 Red5 25. Rag1 g6 26. Rg5 Rd2+
27. Kf3 b6 28. h4 Rxb2 29. h5 Rdd2 30. R1g2 Rxa2 0-1

[Event "DLM 2008"]
[Site "Dresden GER"]
[Date "2008.11.16"]
[Round "4"]
[White "Wagner, Dennis"]
[Black "Moritz, Aron"]
[Result "1-0"]
[Termination "normal"]
[Board "2.5"]
[WhiteElo "2000"]
[BlackElo "1979"]
[WhiteTeam "Hessen 1"]
[BlackTeam "Berlin"]
[PlyCount "63"]
[WhiteFideId "24650684"]
[BlackFideId "24672319"]
[EventCountry "GER"]
[EventRounds "7"]
[EventType "team-swiss"]
[EventDate "2008.11.13"]

1. e4 c5 2. Nc3 Nc6 3. Bb5 Nd4 4. Bc4 g6 5. Nf3 Bg7 6. Nxd4 cxd4 7. Qf3 e6 8.
Nb5 Be5 9. c3 Qb6 10. cxd4 Bxd4 11. Qf4 Qc5 12. d3 Be5 13. Qd2 a6 14. Nc3 b5
15. Bb3 Ne7 16. a4 Bb7 17. axb5 axb5 18. Rxa8+ Bxa8 19. O-O O-O 20. Ne2 Nc6 21.
Kh1 Nd4 22. Nxd4 Bxd4 23. Qe1 Qe5 24. f4 Qc5 25. Bd2 Rc8 26. Bb4 Qc6 27. Qe2
Qb6 28. f5 exf5 29. exf5 d5 30. Qg4 Re8 31. fxg6 Qxg6 32. Qxd4 1-0

[Event "DLM 2008"]
[Site "Dresden GER"]
[Date "2008.11.16"]
[Round "4"]
[White "Nekrasova, Kateryna"]
[Black "Tran, My Linh"]
[Result "1-0"]
[Termination "normal"]
[Board "2.6"]
[WhiteElo "1808"]
[BlackElo "1898"]
[WhiteTeam "Berlin"]
[BlackTeam "Hessen 1"]
[PlyCount "101"]
[WhiteFideId "24636266"]
[BlackFideId "24682462"]
[EventCountry "GER"]
[EventRounds "7"]
[EventType "team-swiss"]
[EventDate "2008.11.13"]

1. e4 e5 2. Nf3 Nc6 3. Bc4 Bc5 4. d3 Nf6 5. c3 a6 6. Bb3 d6 7. O-O Ba7 8. h3 h6
9. Re1 O-O 10. Nbd2 Ne7 11. Nf1 Ng6 12. Ng3 Re8 13. d4 b5 14. Bc2 Bd7 15. Be3
Nh7 16. Qd2 Qe7 17. b3 Rad8 18. c4 Nh4 19. Nh2 Ng5 20. dxe5 Bxe3 21. Qxe3 dxe5
22. Rac1 Qe6 23. Bd3 Qg6 24. Be2 c6 25. Bg4 Bxg4 26. Nxg4 h5 27. Nh2 Rd6 28.
Red1 Red8 29. Rxd6 Rxd6 30. Qe2 Rd4 31. Qxh5 Qxh5 32. Nxh5 Nxe4 33. Ng4 f6 34.
cxb5 cxb5 35. Rc8+ Kf7 36. Rc7+ Kg6 37. Nxg7 Rd1+ 38. Kh2 Rd2 39. Ne8 Nf5 40.
Rc6 Nfd6 41. Nxd6 Rxd6 42. Rxd6 Nxd6 43. Ne3 Ne4 44. Kg1 Nc3 45. a3 Ne2+ 46.
Kf1 Nd4 47. b4 Nc6 48. Ke2 e4 49. Nd5 a5 50. bxa5 Nxa5 51. Nc3 1-0

[Event "DLM 2008"]
[Site "Dresden GER"]
[Date "2008.11.16"]
[Round "4"]
[White "Breitwieser, Jasmin"]
[Black "Kostré, Margarita"]
[Result "1-0"]
[Termination "normal"]
[Board "2.7"]
[WhiteElo "1823"]
[BlackElo "1733"]
[WhiteTeam "Hessen 1"]
[BlackTeam "Berlin"]
[PlyCount "39"]
[WhiteFideId "24601705"]
[BlackFideId "4673344"]
[EventCountry "GER"]
[EventRounds "7"]
[EventType "team-swiss"]
[EventDate "2008.11.13"]

1. e4 e5 2. Nf3 Nc6 3. d4 exd4 4. Nxd4 Nf6 5. Nxc6 bxc6 6. e5 Qe7 7. Qe2 Nd5 8.
c4 Ba6 9. Qe4 Nb4 10. Nc3 O-O-O 11. a3 Nc2+ 12. Qxc2 Qxe5+ 13. Be3 d5 14. Qa4
Bb7 15. cxd5 cxd5 16. O-O-O c5 17. Bf4 Qf6 18. Nb5 Bc6 19. Nxa7+ Kd7 20. Nxc6
1-0

[Event "DLM 2008"]
[Site "Dresden GER"]
[Date "2008.11.16"]
[Round "4"]
[White "Lagunov, Elina"]
[Black "Bluhm, Sonja Maria"]
[Result "0-1"]
[Termination "normal"]
[Board "2.8"]
[WhiteElo "1344"]
[BlackElo "1636"]
[WhiteTeam "Berlin"]
[BlackTeam "Hessen 1"]
[PlyCount "144"]
[WhiteFideId "4673387"]
[BlackFideId "24654027"]
[EventCountry "GER"]
[EventRounds "7"]
[EventType "team-swiss"]
[EventDate "2008.11.13"]

1. e4 e5 2. Nf3 Nc6 3. Bc4 Nf6 4. d3 Bc5 5. c3 a6 6. Nbd2 d6 7. Bb3 Ba7 8. Nf1
Ne7 9. Ng3 Ng6 10. O-O O-O 11. d4 h6 12. Be3 Bd7 13. Qd2 Kh7 14. h4 Bg4 15. h5
Nxh5 16. Nxh5 Bxh5 17. Nh2 Ne7 18. g4 Bg6 19. f3 c6 20. Bc2 f6 21. f4 Qa5 22.
Qe2 Rab8 23. Rf3 b5 24. b4 Qc7 25. Rh3 Qd7 26. Kg2 d5 27. f5 Be8 28. Nf3 dxe4
29. Bxe4 exd4 30. Bxd4 Bxd4 31. Nxd4 Bf7 32. Kf2 Bd5 33. Rd1 Qc8 34. Bxd5 Nxd5
35. Ne6 Re8 36. Qf3 Kg8 37. Kg1 Qb7 38. Nc5 Qa7 39. Qf2 a5 40. a3 axb4 41. axb4
Rbd8 42. Rd2 Qa1+ 43. Kg2 Nxc3 44. Nb3 Rxd2 45. Qxd2 Ne4 46. Nxa1 Nxd2 47. Rc3
Re2+ 48. Kh3 Nf1 49. Rc2 Re1 50. Ra2 Ne3 51. Nc2 Nxc2 52. Rxc2 Rb1 53. Rxc6
Rxb4 54. Kg3 Rb1 55. Rb6 b4 56. Kg2 b3 57. Kh2 b2 58. Rb7 Kf8 59. Kg2 Ke8 60.
Kh2 Kd8 61. Kg2 Kc8 62. Rb4 Kc7 63. Kh2 Kc6 64. Kg2 Kc5 65. Rb8 Kd4 66. Kh2 Ke3
67. Kg2 Kf4 68. Rb4+ Kg5 69. Kh2 h5 70. gxh5 Kxh5 71. Kg2 Kg5 72. Rb5 Re1 0-1

[Event "DLM 2008"]
[Site "Dresden GER"]
[Date "2008.11.16"]
[Round "4"]
[White "Lubbe, Nikolas"]
[Black "Berchtenbreiter, Maximilian"]
[Result "1-0"]
[Termination "normal"]
[Board "3.1"]
[WhiteElo "2269"]
[BlackElo "2116"]
[WhiteTeam "Niedersachsen"]
[BlackTeam "Bayern"]
[PlyCount "65"]
[WhiteFideId "4694031"]
[BlackFideId "24641120"]
[EventCountry "GER"]
[EventRounds "7"]
[EventType "team-swiss"]
[EventDate "2008.11.13"]

1. e4 e6 2. d4 d5 3. Nd2 dxe4 4. Nxe4 Nd7 5. Nf3 Ngf6 6. Nxf6+ Nxf6 7. Bd3 c5
8. Bg5 cxd4 9. Bxf6 gxf6 10. Nxd4 Bc5 11. Nb3 Bb6 12. Qg4 Bd7 13. a4 a6 14. a5
Ba7 15. Qg7 Ke7 16. Qg4 Qc7 17. O-O Bc6 18. Be4 Rhg8 19. Qf3 Rac8 20. g3 Bxe4
21. Qxe4 Rxg3+ 22. hxg3 Qxg3+ 23. Qg2 Qb8 24. Kh1 Rxc2 25. Qe4 Rxb2 26. Qb4+
Ke8 27. Qa4+ Kf8 28. Qa3+ Ke8 29. Qxb2 Qf4 30. Rg1 Bxf2 31. Rg8+ Kd7 32. Rd1+
Kc6 33. Rc8+ 1-0

[Event "DLM 2008"]
[Site "Dresden GER"]
[Date "2008.11.16"]
[Round "4"]
[White "Billing, Christian"]
[Black "Holloway, Timo"]
[Result "1-0"]
[Termination "normal"]
[Board "3.2"]
[WhiteElo "2212"]
[BlackElo "2161"]
[WhiteTeam "Bayern"]
[BlackTeam "Niedersachsen"]
[PlyCount "79"]
[WhiteFideId "4697294"]
[BlackFideId "24631426"]
[EventCountry "GER"]
[EventRounds "7"]
[EventType "team-swiss"]
[EventDate "2008.11.13"]

1. d4 Nf6 2. Nf3 e6 3. c4 Bb4+ 4. Bd2 Qe7 5. Qc2 Bxd2+ 6. Nbxd2 d6 7. e4 e5 8.
Bd3 O-O 9. O-O a5 10. Qc3 Nc6 11. d5 Nb4 12. Be2 Nh5 13. Rfe1 Nf4 14. Bf1 f5
15. a3 Na6 16. b4 fxe4 17. Nxe4 Bf5 18. Nfd2 b6 19. bxa5 Nc5 20. Nxc5 bxc5 21.
Ne4 Qf7 22. Ra2 Ra7 23. Rb2 Rfa8 24. Ng3 g6 25. Nxf5 Qxf5 26. Rb5 Kf7 27. Re3
Kg8 28. g3 Nh5 29. Rf3 Qg4 30. Be2 Qd4 31. Qb3 e4 32. Rb8+ Kg7 33. Rff8 Rxb8
34. Qxb8 Rxa5 35. Bxh5 Rxa3 36. Rf4 gxh5 37. Qf8+ Kg6 38. Qf7+ Kh6 39. Rf6+ Kg5
40. Qg7# 1-0

[Event "DLM 2008"]
[Site "Dresden GER"]
[Date "2008.11.16"]
[Round "4"]
[White "Schulz, Jens"]
[Black "Nuber, Blasius"]
[Result "0-1"]
[Termination "normal"]
[Board "3.3"]
[WhiteElo "2085"]
[BlackElo "2107"]
[WhiteTeam "Niedersachsen"]
[BlackTeam "Bayern"]
[PlyCount "102"]
[WhiteFideId "24675687"]
[BlackFideId "24620289"]
[EventCountry "GER"]
[EventRounds "7"]
[EventType "team-swiss"]
[EventDate "2008.11.13"]

1. e4 e5 2. Nf3 Nf6 3. Nc3 Nc6 4. Bb5 d6 5. d4 exd4 6. Nxd4 Bd7 7. Bf4 Be7 8.
Nxc6 bxc6 9. Bd3 Rb8 10. Rb1 O-O 11. O-O Re8 12. Re1 Bf8 13. h3 Be6 14. Qf3 Nd7
15. b3 g6 16. Nd1 Bg7 17. Ne3 Ne5 18. Qg3 a5 19. Bf1 Rb4 20. Ng4 Nxg4 21. hxg4
a4 22. Rbd1 Qf6 23. a3 Rd4 24. g5 Qe7 25. Rxd4 Bxd4 26. e5 dxe5 27. Bc1 axb3
28. cxb3 c5 29. Bb5 Rb8 30. a4 c6 31. Bxc6 Rxb3 32. Qh4 Qc7 33. Qe4 Qa5 34. Rf1
c4 35. Bb5 Qb6 36. Qc2 Qc5 37. Qe2 Bd5 38. Qg4 Rb1 39. Qd7 h5 40. gxh6 Bxf2+
41. Kh2 Qd4 42. Qd8+ Kh7 43. Qf6 Qh4+ 44. Qxh4 Bxh4 45. Bc6 Be6 46. Kg1 c3 47.
a5 Bc4 48. a6 Bxf1 49. a7 Rxc1 50. a8=Q Bg3 51. Qa3 Re1 0-1

[Event "DLM 2008"]
[Site "Dresden GER"]
[Date "2008.11.16"]
[Round "4"]
[White "Nuber, Helene"]
[Black "Schreiner, Till"]
[Result "1/2-1/2"]
[Termination "normal"]
[Board "3.4"]
[WhiteElo "2072"]
[BlackElo "2066"]
[WhiteTeam "Bayern"]
[BlackTeam "Niedersachsen"]
[PlyCount "47"]
[WhiteFideId "24613045"]
[BlackFideId "24675555"]
[EventCountry "GER"]
[EventRounds "7"]
[EventType "team-swiss"]
[EventDate "2008.11.13"]

1. e4 c5 2. d3 d6 3. Nc3 g6 4. Be3 Bg7 5. g3 Nc6 6. Bg2 e5 7. Nge2 Nge7 8. O-O
O-O 9. Qd2 Nd4 10. Nd1 b5 11. c3 Nxe2+ 12. Qxe2 b4 13. c4 Rb8 14. f4 f5 15. Nf2
exf4 16. Bxf4 Nc6 17. Qd2 Nd4 18. Rae1 Ne6 19. Be3 Qf6 20. exf5 gxf5 21. Bd5
Kh8 22. Ne4 Qe5 23. Ng5 Nxg5 24. Bxg5 1/2-1/2

[Event "DLM 2008"]
[Site "Dresden GER"]
[Date "2008.11.16"]
[Round "4"]
[White "Schulze, Dorothee"]
[Black "Anker, Christin"]
[Result "1-0"]
[Termination "normal"]
[Board "3.5"]
[WhiteElo "1990"]
[BlackElo "1900"]
[WhiteTeam "Niedersachsen"]
[BlackTeam "Bayern"]
[PlyCount "83"]
[WhiteFideId "24609498"]
[BlackFideId "1615688"]
[EventCountry "GER"]
[EventRounds "7"]
[EventType "team-swiss"]
[EventDate "2008.11.13"]

1. e4 e5 2. Nf3 Nc6 3. Bb5 a6 4. Ba4 Nf6 5. Qe2 b5 6. Bb3 Bc5 7. c3 d6 8. h3 h6
9. O-O O-O 10. Rd1 Re8 11. d3 Rb8 12. Nbd2 Nh5 13. Nf1 Qf6 14. Kh2 Nf4 15. Bxf4
Qxf4+ 16. g3 Qf6 17. Ne3 Ne7 18. Kg2 c6 19. d4 Bb6 20. dxe5 dxe5 21. Rd2 Rd8
22. Rad1 Rxd2 23. Rxd2 Rb7 24. a4 Rd7 25. Ng4 Qg6 26. Rxd7 Bxd7 27. Nfxe5 Bxg4
28. Qxg4 Qf6 29. Bxf7+ Kh7 30. Qf4 Qd6 31. Ng6 Qxf4 32. Nxf4 bxa4 33. Nd3 g6
34. Be8 Kg7 35. Nb4 a5 36. Nxc6 Nxc6 37. Bxc6 a3 38. bxa3 Bc5 39. a4 Kf6 40. f4
Be7 41. Kf3 Ke6 42. Bd5+ 1-0